000 00909nam a2200265Ia 4500
001 Para_2734
003 CHAP
008 220125s1900 xx 000 0 und d
010 _a201328
040 _cCHAP
082 _aPA-C 595.77 D5
100 _aWebster, F.M.
_9121306
245 _aThe hessian fly in Ohio in 1899 and 1900 /
_c by F. M. Webster
300 _a9 p.
440 _aDiptera; 1
_9166205
500 _aSobreetiro de: Ohio Agri. Exp. Sta. bulletin; 119, 1900. Encuadernado con: Key to gall midges (A resume of studies I-VII, itonididae) / by EphraĆ­m Porter Felt. 70-220
650 _aDipteros
_x Colecciones de escritos Hessian Flies
_9166224
901 _aPA-C 595.77 D5
902 _aA
905 _a0000001900 0000000000 00
910 _a1900
942 _cPARA
942 _cPARA
_d1
999 _c201328
_d201328